000 01028cgm a2200277 4500
001 J2042
008 090401t1993 xxu||||| |||| 00| 0 eng d
035 _a(Sirsi) u46866
041 _aeng
050 _a694.012
110 _aRoyal Institute of British Architects
_92527
245 _aDecorative wood protection.
260 _aLondon
_bRIBA Services Limited
_c1993
300 _a1 videocassette (25min.) : sd
350 _a10
490 _aRIBA CPD Open Learning Video Library
520 _aProduced in association with Sadolin Nobel UK Limited. Video stresses the need for correct specification of decorative wood protectors or stains when they are being used both to protect timber and to enhance the natural beauty of the material.
650 _aSADOLIN NOBEL UK LIMITED
650 _aSPECIFICATION
650 _aVIDEO CASSETTE
650 _aWOOD PRESERVATIVES
690 _aBUILT ENVIRONMENT-BUILDING MATERIALS
710 _aWedgwood Markham Associates Limited
_93443
942 _n0
948 _c04/03/1997
999 _c85252
_d85252